Laughable loves /

Detalles Bibliográficos
Autor Principal: Kundera, Milan
Outros autores: Rappaport, Suzanne
Formato: Libro
Idioma:English
Czech
Publicado: New York : Harper Perennial, 1999.
Edición:First Harper Perennial edition.
Subjects:
Classic Catalogue: View this record in Classic Catalogue
LEADER 01643nam a2200349 a 4500
001 45404
003 BD-DhAAL
005 20260401095754.0
008 260401t1999 nyu 000 1 eng
010 |a  99015600  
020 |a 0060997036 
020 |a 9780060997038 
020 |a 0060997036 
035 |a 4047718 
040 |a DLC  |c DLC  |d DLC  |d BD-DhAAL 
041 1 |a eng  |h cze 
043 |a e-xr--- 
050 0 0 |a PG5039.21.U6  |b S58413 1999 
082 0 0 |a 891.86354  |2 21 
100 1 |a Kundera, Milan. 
240 1 0 |a Směšné lásky.  |l English 
245 1 0 |a Laughable loves /  |c Milan Kundera ; translated from the Czech by Suzanne Rappaport. 
250 |a First Harper Perennial edition. 
260 |a New York :  |b Harper Perennial,  |c 1999. 
300 |a 287 pages ;  |c 21 cm. 
505 0 |a Nobody will laugh -- The golden apple of eternal desire -- The hitchhiking game -- Symposium -- Let the old dead make room for the young dead -- Dr. Havel after twenty years -- Eduard and God. 
541 1 |a Donated by Farhana Zahir, Assistant Professor, BRAC Business School, BRAC University  |e 45404 
651 0 |a Czech Republic  |x Social life and customs  |x Fiction.  |9 60393 
700 1 |a Rappaport, Suzanne.  |9 60394 
942 |2 ddc  |c BK 
999 |c 47757  |d 47757 
952 |0 0  |1 0  |2 ddc  |4 0  |6 891_863540000000000_KUN  |7 0  |9 78872  |a BRACUL  |b BRACUL  |c NEW  |d 2026-04-01  |e Donated by Farhana Zahir, Assistant Professor, BRAC Business School, BRAC University  |l 1  |m 1  |o 891.86354 KUN  |p 3010045404  |q 2026-05-18  |r 2026-05-04  |s 2026-05-04  |t 1  |w 2026-04-01  |y BK  |x Donated copy received from Farhana Zahir, Assistant Professor, BRAC Business School, BRAC University on 17 February 2026; $20.95